Online
Catalog
Normal view MARC view

Entry Término temático

Number of records used in: 2

001 - NÚMERO DE CONTROL

  • campo de control: 51100

003 - IDENTIFICADOR DEL NÚMERO DE CONTROL

  • campo de control: BNPHU

005 - FECHA Y HORA DE LA ÚLTIMA TRANSACCIÓN

  • campo de control: 20240424184519.0

008 - DATOS DE LONGITUD FIJA

  • campo de control de longitud fija: 200615|| aca||aabn | a|a d

010 ## - NÚMERO DE CONTROL DE LA BIBLIOTECA DEL CONGRESO

  • Número de control de LC: sj2021050675

040 ## - FUENTE DE LA CATALOGACIÓN

  • Centro catalogador/agencia de origen: DO-SdBNP
  • Lengua de catalogación: spa
  • Centro/agencia transcriptor: BNPHU
  • Normas de descripción: rda

150 ## - ENCABEZAMIENTO--TÉRMINO DE MATERIA

  • Término de materia o nombre geográfico como elemento de entrada: Ecología urbana (Sociología)

450 ## - TRAZADO DE VÉASE--TÉRMINO DE MATERIA

  • Término de materia o nombre geográfico como elemento de entrada: Urban ecology (Sociology)

450 ## - TRAZADO DE VÉASE--TÉRMINO DE MATERIA

  • Término de materia o nombre geográfico como elemento de entrada: Medio ambiente urbano

550 ## - TRAZADO VÉASE ADEMÁS--TÉRMINO DE MATERIA

  • Término de materia o nombre geográfico como elemento de entrada: Ecología social
  • Subcampo de control: g

550 ## - TRAZADO VÉASE ADEMÁS--TÉRMINO DE MATERIA

  • Término de materia o nombre geográfico como elemento de entrada: Sociología urbana
  • Subcampo de control: g

550 ## - TRAZADO VÉASE ADEMÁS--TÉRMINO DE MATERIA

  • Término de materia o nombre geográfico como elemento de entrada: Densidad urbana
  • Subcampo de control: h

670 ## - FUENTE DE DATOS ENCONTRADOS

  • Cita de la fuente: Work cat.: (OSt)24388: Guía práctica de ecología urbana /, 1997.

670 ## - FUENTE DE DATOS ENCONTRADOS

  • Identificador Uniforme del Recurso: https://authorities.loc.gov/cgi-bin/Pwebrecon.cgi?AuthRecID=11661749&v1=1&HC=1&SEQ=20240416174118&PID=Zp0gRhDyYmuy8vG1_5cjZrF0PN4z Consultado en: 16 de abril, 2024

670 ## - FUENTE DE DATOS ENCONTRADOS

  • Identificador Uniforme del Recurso: https://librunam.dgb.unam.mx:8443/F/1ABVPHR4XRU9UICYX3SVRDNDS6U4UU9LASTJJJV9Q5QFAJRHIU-24514?func=full-set-set&set_number=027933&set_entry=000001&format=001 Consultado en 16 de abril, 2024

Powered by Koha